00964 2200349 4500001002100000005001500021007000300036008004100039020002200080035002000102040001700122041000800139082000800147084001400155090001800169100002800187245003500215250001300250264003600263300002800299336002100327337003000348338002300378500002900401650002800430700005100458700004100509850001000550990001800560990001800578990001800596INLIS00000000000499520260515060653ta260515 0  a978-979-1227-33-9 a0010-0222000085 aSBPUPADbind aind a328 a328 DAT d a328 DAT d 8-60 aDati FatimahePengarang1 aDPR Uncensored /cDati Fatimah a.-cet. 2 a.--Yogyakarta :bBentang,c2009 axx, 166 hal. ;c20,5 cm 2rdacontentaTeks 2rdamediaaTanpa Perantara 2rdacarrieraVolume aTentang Penulis, hlm 166 4aDewan Perwakilan Rakyat apengarang ke 2, Ahmad Faisal IsmailePengarang apenyunting, Salman FaridiePengarang aPUPAD a10845/BR/KAPD a10846/BR/KAPD a10847/BR/KAPD